00708nam a2200229Ia 4500003000900000008004100009040001300050040001300063041000800076100001900084245005900103250001100162260002200173260000900195300001100204300001000215490003500225490000600260942000700266999001700273952018800290IT-RoPAU120407s9999 xx 000 0 und d aIT-RoPAU cIT-RoPAU aita aLuigi Santucci aVolete andarvene anche voi? Una vita di Cristo. 2a ed. aVerona aMondadori Arnoldo c1970 a308 p. c21 cm aScrittori italiani e stranieri v1 cBK c32111d32111 00102ddc406232_900000000000000_13171aPAULUSbPAULUSd2012-04-11l0o232.9.131r2012-04-11 00:00:00w2012-04-11yBKzInserito da: In data: n.d. fondo: Via A.Severo 56 Progr:37351